Online
Catalog

Resumen, informe sobre desarrollo humano República Dominicana 2008 : (Record no. 38221)

MARC details
000 -CABECERA
campo de control de longitud fija 00717nam a2200181 a 4500
001 - NÚMERO DE CONTROL
campo de control 000038731
005 - FECHA Y HORA DE LA ÚLTIMA TRANSACCIÓN
campo de control 20250401130908.0
008 - DATOS DE LONGITUD FIJA--INFORMACIÓN GENERAL
campo de control de longitud fija 130419s2008 000 spa d
040 ## - FUENTE DE LA CATALOGACIÓN
Centro catalogador/agencia de origen DO-SdBNP
Lengua de catalogación spa
Centro/agencia transcriptor BNPHU
082 ## - NÚMERO DE LA CLASIFICACIÓN DECIMAL DEWEY
Número de clasificación xxxx
Número de documento/Ítem xxxx
110 2# - ENTRADA PRINCIPAL--NOMBRE DE ENTIDAD CORPORATIVA
Nombre de entidad corporativa o nombre de jurisdicción como elemento de entrada Programa de las Naciones Unidas para el Desarrollo
9 (RLIN) 187
245 10 - MENCIÓN DE TÍTULO
Título Resumen, informe sobre desarrollo humano República Dominicana 2008 :
Resto del título desarrollo humano, una cuestión de poder.
246 13 - FORMA VARIANTE DE TÍTULO
Título propio/Titulo breve Desarrollo humano, una cuestión de poder
260 ## - PUBLICACIÓN, DISTRIBUCIÓN, ETC.
Lugar de publicación, distribución, etc. Santo Domingo :
Nombre del editor, distribuidor, etc. PNUD,
Fecha de publicación, distribución, etc. 2008.
300 ## - DESCRIPCIÓN FÍSICA
Extensión 67 p. :
Otras características físicas il., mapas ;
Dimensiones 29 cm.
590 ## - NOTA LOCAL (RLIN)
Nota local Inventariado, 2019/BT
710 1# - PUNTO DE ACCESO ADICIONAL--NOMBRE DE ENTIDAD CORPORATIVA
Nombre de entidad corporativa o nombre de jurisdicción como elemento de entrada Programa de las Naciones Unidas para el Desarrollo
Unidad subordinada Oficina de Desarrollo Humano
9 (RLIN) 65037
Holdings
Estado de retiro Estado de pérdida Restricciones de uso No para préstamo Código de colección Localización permanente Ubicación/localización actual Ubicación en estantería Fecha de adquisición Número de inventario Total de préstamos Signatura topográfica completa Código de barras Fecha visto por última vez Número de copia Precio válido a partir de Tipo de ítem Koha
        Monografías: Libros y Folletos General General Depósito 30.07.2019 LF1   xxxx xxxx 38731-30 25.06.2020 e.3 25.06.2020 Préstamo en sala
      Excluido de préstamo Monografías: Libros y Folletos Patrimonio Dominicano Patrimonio Dominicano Depósito 19.04.2013 LF1   xxxx xxxx 38731-10 25.06.2020   25.06.2020 No se presta
      Excluido de préstamo Monografías: Libros y Folletos Patrimonio Dominicano Patrimonio Dominicano Depósito 17.05.2013 LF1   xxxx xxxx 38731-20 25.06.2020 e.2 25.06.2020 No se presta

Powered by Koha